000 01158cab a2200325 4500
001 ABS54689
008 090401t1996 xxu||||| |||| 00| 0 eng d
035 _a(Sirsi) u11795
041 _aeng
100 _aSeidl, A.
245 _aChain reaction
260 _c1996
350 _a0
490 _aEstates Gazette
_v(9613) 30 March 1996, 54-55(2)
520 _aDiscusses latest acquisitions and disposals in the multiple chain store retail market reflecting the trend of moving away from traditional high street locations to out-of-town superstores and shopping centres. Management Horizons UK Shopping Centre Index 1995-96 lists major city centres as the top 10 shopping destinations.
650 _aCHAIN STORES
650 _aCITY CENTRES
650 _aFUTURE
650 _aHIGH STREET
650 _aMULTIPLE RETAILERS
650 _aOUT-OF-TOWN
650 _aPOWERHOUSE
650 _aPROPERTY-COMMERCIAL PROPERTY-RETAIL PROPERTY-RETAIL PROPERTY MARKET
650 _aRETAILING
650 _aSHOPPING DESTINATIONS
650 _aSKETCHLEY
690 _aPROPERTY-COMMERCIAL PROPERTY-RETAIL PROPERTY
942 _n0
948 _c04/03/1997
999 _c7530
_d7530